Labor Economics (Record no. 5705)

MARC details
005 - DATE AND TIME OF LATEST TRANSACTION
control field 20250627150319.0
020 ## - INTERNATIONAL STANDARD BOOK NUMBER
International Standard Book Number 978-0-07-340282-6
082 ## - DEWEY DECIMAL CLASSIFICATION NUMBER
Classification number 331 BOR
100 ## - MAIN ENTRY--PERSONAL NAME
Author name BORJAS,G.
245 ## - TITLE STATEMENT
Title Labor Economics
250 ## - EDITION STATEMENT
Edition statement 4th Ed.
260 ## - PUBLICATION, DISTRIBUTION, ETC.
Place of publication, distribution, etc. Boston,
Name of publisher, distributor, etc. McGraw-Hill,
Date of publication, distribution, etc. 2008.
300 ## - PHYSICAL DESCRIPTION
Extent xvi,544p.:ill.;figures,tables
Other physical details Bibliography, and Index
Dimensions 25cm
942 ## - ADDED ENTRY ELEMENTS (KOHA)
Source of classification or shelving scheme Dewey Decimal Classification
Koha item type Books
Holdings
Date last seen Total checkouts Full call number Barcode Cost, replacement price Price effective from Koha item type Lost status Source of classification or shelving scheme Damaged status Not for loan Withdrawn status Home library Current library Shelving location Date acquired Source of acquisition Cost, normal purchase price
06/27/2025   331 BOR MZA0002596 30000.00 06/27/2025 Books   Dewey Decimal Classification       CBE Mwanza CBE Mwanza General Collection 07/16/2007 Library Budget 10000.00
06/27/2025   331 BOR MZA0002592 30000.00 06/27/2025 Books   Dewey Decimal Classification       CBE Mwanza CBE Mwanza General Collection 07/16/2007 Library Budget 10000.00
06/27/2025   331 BOR MZA0002593 30000.00 06/27/2025 Books   Dewey Decimal Classification       CBE Mwanza CBE Mwanza General Collection 07/16/2007 Library Budget 10000.00
06/27/2025   331 BOR MZA0002594 30000.00 06/27/2025 Books   Dewey Decimal Classification       CBE Mwanza CBE Mwanza General Collection 07/16/2007 Library Budget 10000.00
06/27/2025   331 BOR MZA0002595 30000.00 06/27/2025 Books   Dewey Decimal Classification       CBE Mwanza CBE Mwanza General Collection 07/16/2007 Library Budget 10000.00